International Financial Management (Record no. 658)

MARC details
000 -LEADER
fixed length control field 00432nam a22001817a 4500
005 - DATE AND TIME OF LATEST TRANSACTION
control field 20180718151955.0
008 - FIXED-LENGTH DATA ELEMENTS--GENERAL INFORMATION
fixed length control field 160512b xxu||||| |||| 00| 0 eng d
020 ## - INTERNATIONAL STANDARD BOOK NUMBER
ISBN 0-07-061055-X
041 ## - LANGUAGE CODE
Language code of text/sound track or separate title eng
082 ## - DEWEY DECIMAL CLASSIFICATION NUMBER
Item number 1700
Classification number 658.1599
100 ## - MAIN ENTRY--AUTHOR NAME
Personal name Apte, P G
245 ## - TITLE STATEMENT
Title International Financial Management
250 ## - EDITION STATEMENT
Edition statement 4th ed.
260 ## - PUBLICATION, DISTRIBUTION, ETC. (IMPRINT)
Place of publication New Delhi
Name of publisher TMH
Year of publication 1995
300 ## - PHYSICAL DESCRIPTION
Number of Pages 655p,
650 ## - SUBJECT ADDED ENTRY--TOPICAL TERM
Topical Term Management
942 ## - ADDED ENTRY ELEMENTS (KOHA)
Koha item type Books
Holdings
Lost status Damaged status Collection code Home library Current library Shelving location Date acquired Cost, normal purchase price Full call number Accession Number Koha item type
    MANAGEMENT JRU Library JRU Library SHELF-58 -L 12/05/2016 365.00 658.1599 1700 Books